• 首页
  • 本馆介绍
  • 公告通知
  • 最新文献
  • 馆藏检索
  • 电子资源
  • 读者导购
  • 参考咨询
  • 我的图书馆
  • 登录
  • 详细信息显示
  • 放入我的书架
  • 预约/预借图书
  • 作者相关作品
  • 分类相关作品
  • 丛书相关作品
  • 出版社相关作品

书目信息

  • 表格格式
  • 工作单格式
  • 卡片格式
题名:
世界摄影史
    
 
作者: 顾铮 著
分册:  
出版信息: 杭州   浙江摄影出版社  2020
页数: 195页
开本: 24cm
丛书名:
单 册:
中图分类: J409.1
科图分类:
主题词: 摄影史--世界--高等学校--教材
电子资源:
ISBN: 978-7-5514-2999-3
000 00938nam0 2200253 450
001 0105177572
005 20201214135553.0
010    @a978-7-5514-2999-3@dCNY39.00
100    @a20200927d2020 em y0chiy0120 ea
101 0  @achi
102    @aCN@b330000
105    @aa z 000yy
106    @ar
200 1  @a世界摄影史@9Shi Jie She Ying Shi @f顾铮著@b专著
210    @a杭州@c浙江摄影出版社@d2020
215    @a195页@c图,照片@d24cm
300    @a北京电影学院摄影专业系列教材(新版)
330    @a本书共九章,内容包括:摄影的曙光,在美与真之间,画意的乡愁与摄影大众化,现代主义摄影的实验光谱,纪实的眼光,从“人类一家”到“社会的风景”,新彩色摄影、新地形摄影与观念摄影,后现代摄影生态,转变中的当代摄影。
510 1  @aWorld history of photographty@zeng
606 0  @a摄影史@y世界@x高等学校@j教材
690    @aJ409.1@v5
701  0 @a顾铮@f(1959~)@4著@9gu zheng
801  0 @aCN@bAZmarc@c20230908
905    @aBZT@dJ409.1@e2@f1@sJ409.1/2
    
    世界摄影史/顾铮著.-杭州:浙江摄影出版社,2020
    195页:图,照片;24cm
    北京电影学院摄影专业系列教材(新版)
    
    ISBN 978-7-5514-2999-3:CNY39.00
    本书共九章,内容包括:摄影的曙光,在美与真之间,画意的乡愁与摄影大众化,现代主义摄影的实验光谱,纪实的眼光,从“人类一家”到“社会的风景”,新彩色摄影、新地形摄影与观念摄影,后现代摄影生态,转变中的当代摄影。
●
相关链接 在五车中查询图书 在当当中查询图书 在豆瓣中查询图书


正题名:世界摄影史     索取号:J409.1/2         预约/预借

序号 登录号 条形码 馆藏地/架位号 状态 备注
1 2000155823   2000155823   旧书回溯/ [索取号:J409.1/2] 在馆    
山东省滨州职业学院图书馆 欢迎您!
大连网信软件有限公司© 版权所有